Boletín de la sociedad Argentina de Botánica (Registro nro. 8231)

Detalles MARC
000 -CABECERA
Campo de control interno 01649nam a2200229Ia 4500
008 - ELEMENTOS DE LONGITUD FIJA - INFORMACIÓN GENERAL
Campo de control de longitud fija 260220t2007||||xx |||||||||||||| ||spa||
040 ## - FUENTE DE CATALOGACIÓN
Agencia de catalogación original PY-SlUNAC
Idioma de catalogación spa
Convenciones de descripción rda
041 ## - CÓDIGO DE IDIOMA
Código de idioma para texto/pista de sonido o título separado spa
082 ## - NÚMERO DE CLASIFICACIÓN DECIMAL DEWEY
Clasificación Decimal Dewey (CDD) 581
Clasificación Expansiva de Cutter (EC) B639bs
245 #0 - TÍTULO
Título Boletín de la sociedad Argentina de Botánica
264 ## - PIE DE IMPRENTA
Lugar Córdoba :
Editorial SAB,
Año ℗2007.
300 ## - DESCRIPCIÓN FÍSICA
Páginas 1 volumen
520 ## - NOTA DE RESUMEN
Nota de resumen El "Boletín de la Sociedad Argentina de Botánica" es una publicación científica que compila investigaciones y artículos relacionados con la botánica en Argentina, promoviendo el estudio y la conservación de la flora nacional. En su edición de 2007, se presentan diversos trabajos que abordan temas como la taxonomía, ecología, biogeografía y la fisiología de las plantas, destacando la importancia de la biodiversidad local y su relación con los ecosistemas. La revista también incluye reseñas de libros, informes de campo y contribuciones de investigadores de distintas instituciones, lo que fomenta un intercambio académico enriquecedor. Además, el boletín sirve como plataforma para dar visibilidad a nuevos hallazgos y metodologías en el campo de la botánica, contribuyendo al desarrollo del conocimiento científico en Argentina y en la región. A través de sus publicaciones, se busca sensibilizar a la comunidad sobre la importancia de la investigación botánica y la conservación del patrimonio vegetal.
653 ## - MATERIA - TÉRMINO TEMÁTICO NO CONTROLADO (PALABRAS CLAVE)
Materia - término temático no controlado (palabras clave) Botánica
653 ## - MATERIA - TÉRMINO TEMÁTICO NO CONTROLADO (PALABRAS CLAVE)
Materia - término temático no controlado (palabras clave) Conservación de la naturaleza
653 ## - MATERIA - TÉRMINO TEMÁTICO NO CONTROLADO (PALABRAS CLAVE)
Materia - término temático no controlado (palabras clave) Flora
942 ## - ELEMENTOS PERSONALIZADOS (KOHA)
Fecha catalogación 2026/02/17
Tipo de documento Libros
Existencias
Fuente de Clasificacion Colección Ubicacion permanente Biblioteca actual Fecha de Ingreso a la Biblioteca Origen de adquisición Código de ubicación Código de barras Tipo de Item KOHA Nota pública
Dewey Decimal Classification Colección General (CG) Biblioteca e Internet, Facultad de Ciencias Exactas y Naturales Biblioteca e Internet, Facultad de Ciencias Exactas y Naturales 02/20/2026 Donación 581 B639bs CG1591 Libros Material disponible en la Biblioteca e Intenet, Campus UNA, San Lorenzo.